00473 2200193 4500245004500000020001800045250001100063100001700074700001700091700002300108650001700131005001900148260003100167041001400198084001300212300003400225336000900259338001100268 aImages Of You Vol. 4cJunpei, GotohText a9786022104889 aCet. 1 aJunpei, Goto aYoke Yuliana aDian Indri Nuswati aKomik Jepang a20230202075138 aJakartabPT Gramediac2012 aIndonesia a741.5592 a... jil. :bilus. ;c17,5 cm. atext avolume